Quatre audicions de música catalana contemporània i música clàssica i moderna : primera sessió : quartet ibèric ... primera sessió :
Descripción Física:
1 díptic ; 17 cm
Materias:
Concerts (Execució musical) -- Programes
MARC
| LEADER | 00000nam a2200000Ia 4500 | ||
|---|---|---|---|
| 001 | 16429 | ||
| 008 | 160829s1937 xx 000 0 cat d | ||
| 080 | |a Q-277, exp. 103 | ||
| 110 | 2 | |a Casal de la Cultura (Barcelona, Catalunya) |9 55098 | |
| 245 | |a Quatre audicions de música catalana contemporània i música clàssica i moderna : |b primera sessió : |b quartet ibèric ... | ||
| 260 | |a Barcelona : |b Casal de la Cultura, |c 1937 | ||
| 300 | |a 1 díptic ; |c 17 cm | ||
| 650 | |a Concerts (Execució musical) |x Programes |9 43539 | ||
| 901 | |a Arxiu | ||
| 942 | |n 1 | ||
| 952 | |0 0 |1 0 |4 0 |6 Q277_EXP_103 |7 1 |9 54353 |a Arxiu |b Arxiu |d 2016-12-01 |l 0 |o Q-277, exp. 103 |p 16429 |r 2016-12-01 00:00:00 |w 2016-12-01 |y ARXIU | ||
| 999 | |c 58222 |d 58222 | ||